Normal view
MARC view
- Ng, Gorick
Entry Personal Name
001 - CONTROL NUMBER
- control field: 100681
003 - CONTROL NUMBER IDENTIFIER
- control field: NUST
005 - DATE AND TIME OF LATEST TRANSACTION
- control field: 20221018153713.0
008 - FIXED-LENGTH DATA ELEMENTS
- fixed length control field: 221018|| aca||aabn | a|a d
040 ## - CATALOGING SOURCE
- Original cataloging agency: NUST
- Transcribing agency: NUST
100 ## - HEADING--PERSONAL NAME
- Personal name: Ng, Gorick
670 ## - SOURCE DATA FOUND
- Source citation: Work cat.: (NUST)0: Ng, Gorick, author., The unspoken rules :, 2021
